Score 0/11 Timer 02:30
0 Plays Today
Age difference President % Correct
5530 daysDonald Trump (b. June 14, 1946)
97.6%
3197 daysLyndon B. Johnson (b. August 27, 1908)
95.2%
45 daysAndrew Johnson (b. December 29, 1808)
95.2%
4986 daysRonald Reagan (b. February 6, 1911)
90.5%
1306 daysBenjamin Harrison (b. August 20, 1833)
78.6%
3586 daysWilliam Henry Harrison (b. February 9, 1773)
78.6%
407 daysWilliam Howard Taft (b. September 15, 1857)
76.2%
118 daysAndrew Jackson (b. March 15, 1767)
71.4%
261 daysWoodrow Wilson (b. December 28, 1856)
64.3%
4962 daysJames Buchanan (b. April 23, 1791)
61.9%
775 daysChester A. Arthur (b. October 5, 1829)
54.8%
Remove Ads.
Support Sporcle.
Get the best of Sporcle when you Go Orange. This ad-free experience offers more features, more stats, and more fun while also helping to support Sporcle. Thank you for becoming a member.

You're not logged in!

Compare scores with friends on all Sporcle quizzes.
OR
Log In

Show Comments

Extras

Top Quizzes Today


Score Distribution

Your Account Isn't Verified!

In order to create a playlist on Sporcle, you need to verify the email address you used during registration. Go to your Sporcle Settings to finish the process.

Report this User

Report this user for behavior that violates our Community Guidelines.

Details: